000 00477nam a2200181Ia 4500
005 20250423095038.0
008 250422s9999 xx 000 0 und d
020 _a9780080445786
050 _aTJ 163.16.C54/
100 _aCleverland, Cutler.
245 0 _aDictionary of energy
260 _aUnited Kingdom
260 _bElsvier Ltd.
260 _c2007
300 _a502 p
650 _a Power resources--Dictionaries. Power (Mechanics)--Dictionaries.
942 _cBK
999 _c29072
_d29072